000 00528pam a2200205 a 4500
001 4819350
005 20180112041626.0
008 890111s1989 nyu 001 0 eng
010 _a 89045052
020 _a0060161442 :
_c$35.00
040 _aDLC
_cDLC
_dDLC
041 _aeng
080 _a809
082 0 0 _a809 MAG
_220
100 _a21
101 _aGJL
245 0 0 _aMasterpieces of world literature /
_cedited by Frank N. Magill, editor.
906 _a7
_bcbc
_corignew
_d1
_eocip
_f19
_gy-gencatlg
942 _2ddc
_cBK
999 _c40175
_d40175